000 00500nam a2200193 a 4500
001 1771297720742
003 YourLibrary
005 20260217084031.0
008 260217s2003##################000#0#eng##
020 _a9780415253352
082 0 4 _a330.1
_bLAW
100 1 _aLawson, Tony,
_eauthor.
245 1 0 _aReorienting Economics :
260 _bPsychology Press,
_c2003.
300 _a406 pages
650 0 _aBusiness & Economics.
942 _cENGLISH
040 _aYourLibrary
_beng
_cYourLibrary
999 _c612896
_d612896